LEADER 01729nam a2200337 i 4500 001 000000339250 003 CaOOAMICUS 005 20240523135437.0 008 200205s2012 it u000 u mul u 013 $a200125 020 $a978-88-8402-769-6 040 $aSeMil$bita 100 1 $aAlighieri, Dante,$d<1265-1321>.$0(OLS)http://semarc/name/453 240 10$aDe vulgari eloquentia.$0(OLS)http://semarc/title/111691 245 10$a3: De vulgari eloquentia /$cDante Alighieri ; a cura di Enrico Fenzi, con la collaborazione di Luciano Formisano e Francesco Montuori. 264 1$aRoma :$bSalerno,$c2012. 300 $aCXXV, 666 p. ;$c25 cm 500 $aTraduzione italiana a fronte 500 $aSeguono in appendice: Le rime del De vulgari eloquentia; De la volgare eloquenzia di Dante: volgarizzamento di Giovan Giorgio Trissino, con la riproduzione facsimilare dell'ed.: Vicenza : per Tolomeo Ianiculo, 1529. 501 $aLe Rime provenzali e francesi 700 1 $aFormisano, Luciano,$d<1950- >.$0(OLS)http://semarc/name/46488 700 1 $aTrissino, Gian Giorgio,$d<1478-1550>.$0(OLS)http://semarc/name/11095 700 1 $aMontuori, Francesco,$d<1964- >.$0(OLS)http://semarc/name/110888 700 1 $aFenzi, Enrico.$0(OLS)http://semarc/name/110887 773 0 $aAlighieri, Dante <1265-1321>$tOpere.$dRoma : Salerno, 2012-2023.$g3$w()339013 850 $aSeMil 852 $aSeMil$W1$xVenegono$y1$mSL1.C V 3$j225953$B230361$CSeMilBibl$Z2$F230361 $8I 996 $6020$a978-88-8402-769-6$9(OLS)http://semarc/number/289833 996 $6245$a3: De vulgari eloquentia$9(OLS)http://semarc/title/428048 996 $6264$aRoma :$bSalerno$9(OLS)http://semarc/publisher/30165 LEADER 02190nam a2200385 i 4500 001 000000030360 003 CaOOAMICUS 005 20211111100941.0 008 180830s17011702fr u000 u lat u 040 $aSeMil$bita 130 0 $aBibbia.$0(OLS)http://semarc/title/402691 245 00$aBiblia sacra vulgatae editionis Sixti 5. & Clementis 8. Pont. Max. auctoritate recognita. 250 $aEditio nova notis chronologicis, historicis et geographicis illustrata 264 1$aParisiis :$bexcudebat Antonius Vitré : apud Antonium Dezallier, viâ Jacobeâ, sub corona aurea,$c1701-1702$e([Parisiis] :$fex typographeo Joannis-Baptistae Cusson : juxta exemplar Vitraeanum : sumptibus Antonii Dezallier,$g 1702) 300 $a2 v. ;$c4° 500 $aColophon in fine al vol. 2. 500 $aTesto su due colonne. - Iniz., fregi xilogr. 500 $aNote ms. a margine del testo 500 $aIl vol. 2 pubblicato nel 1701 500 $aMarca xilogr. di Vitrč (Ercole. Virtus non territa monstris) non controllata sui front. e in fine al vol. 2 650 4$aBibbia - Traduzioni latine - Vulgata.$0(OLS)http://semarc/subject/1529 700 0 $aSixtus V,$c.$0(OLS)http://semarc/name/13746 700 0 $aClemens VIII,$c.$0(OLS)http://semarc/name/3051 700 1 $aCusson, Jean-Baptiste,$c.$0(OLS)http://semarc/name/13950 700 1 $aDezallier, Antoine,$c.$0(OLS)http://semarc/name/2743 710 0 $aVitré, Antoine$c.$0(OLS)http://semarc/name/13949 774 0 $t[Tomus 1].$g1$w()232125 774 0 $tSacrorum bibliorum pars altera, complectens Prophetas cum libris Machabaeorum et Novum Testamentum, una cum indicibus.$g2$w()232126 900 0 $aSisto V$c. 900 0 $aClemente VIII$c. 996 $6245$aBiblia sacra vulgatae editionis Sixti 5. & Clementis 8. Pont. Max. auctoritate recognita$9(OLS)http://semarc/title/41317 996 $6264$aParisiis :$bexcudebat Antonius Vitré : apud Antonium Dezallier, viâ Jacobeâ, sub corona aurea$9(OLS)http://semarc/publisher/38501